00551cam a22002051 4500001001300000003000400013005001700017008004100034010001700075035001900092040002500111042001200136050001800148100001700166245003900183260003900222300003500261600003200296999001700328sa 67002307 DLC20260227112330.0820921s1966 ii ac 000 0beng  asa 67002307  a(OCoLC)8793725 aDLCcMoUdOCoLCdDLC apremarc00aDS481.G23bD41 aDesai, B. K.00aIndira Gandhi,bcall to greatness. aBombay,bPopular Prakashanc[1966] a117 p.billus., ports.c18 cm.10aGandhi, Indira,d1917-1984. c73192d73192